008220000a22001690004500090001400000245012700014650003300141650002800174650003700202651007400239041001300313100004500326942001300371773009500384999001500479952015800494 aARb0042110aAlteration of the coral ecosystem of Parque Nacional Natural Corales del Rosario by river inputs: a case study in Colombia14aEcosistemas coralinos99337514aPlanes de manejo99272514aConservación de corales993376 4lParque Nacional Natural Corales del RosariodBolivarpColombia9927490 aInglés1 aAlvarado Chacón, Elvira María944138 cARTICULO1 tProceedings International seminar on protection of sensitive sea areas3169q394-399d1990 c9517d9517 001040718HEMEROTECAaBogotabBogotad2015-02-27hFuera de circulaciónl0oAR 00421p010694r2015-03-25 00:00:00t1w2015-03-25xDonaciónyARTICULO